MARC

LEADER 00000nam0a2200000 4500
001 137907
005 20231031141225.0
035 |a (RuTPU)RU\TPU\book\149442 
090 |a 137907 
100 |a 20080517d1978 m y0rusy50 ca 
101 0 |a rus 
102 |a BY 
105 |a a z 001zy 
200 1 |a Тепловые электрические станции  |e дипломное проектирование  |e учебное пособие  |f А. М. Леонков, Б. В. Яковлев  |g под ред. А. М. Леонкова 
210 |a Минск  |c Вышэйшая школа  |d 1978 
215 |a 232 с.  |c ил. 
320 |a Библиогр.: с. 227-229. 
610 1 |a тепловые электрические станции 
610 1 |a дипломное проектирование 
610 1 |a учебные пособия 
610 1 |a обоснование 
610 1 |a строительство 
610 1 |a тепловые схемы 
610 1 |a ТЭС 
675 |a 621.311.22(075.8)  |v 3 
700 1 |a Леонков  |b А. М.  |g Александр Митрофанович 
701 1 |a Яковлев  |b Б. В.  |g Борис Владимирович 
702 1 |a Леонков  |b А. М.  |g Александр Митрофанович  |4 340 
801 1 |a RU  |b 63413507  |c 20080517  |g PSBO 
801 2 |a RU  |b 63413507  |c 20091119  |g PSBO 
900 |a Основы проектирования тепловых электрических станций 
942 |c BK